000 00220nam a22000977a 4500
999 _c15757
_d15757
003 OSt
008 191015b ||||| |||| 00| 0 eng d
100 _aDamodaran, N K.
_94294
245 _aKaramasov sahodaranmar
942 _cBK